000 00900nam a2200205 4500
001 119434
003 ES-MaACL
005 20250713041034.0
007 t|
008 070214s1905 sp r ||||1| spa d
080 _a821.134.2 Cervantes Saavedra, Miguel de 7 Quijote.07
100 1 _aPérez Lirio, Enrique.
_990966
245 1 0 _aDiscurso pronunciado por el señor don Enrique Pérez Lirio en el Teatro de Cervantes de Málaga el día 9 de mayo de 1905.
260 _aMálaga :
_b[s.n.],
_c1905 (
_fTip. La Moderna)
300 _a30 p. ;
_c26 cm.
500 _aPrecede al título: III Centenario de la Impresión de "El Quijote"
600 1 4 _aCervantes Saavedra, Miguel de,
_d1547-1616.
_tDon Quijote de la Mancha-
_vAniversarios y centenarios
_937614
852 _aES-MaACL
_j2240-F-1
_z.- Dedicatoria autógrafa del autor al presidente del Ateneo de Madrid
999 _c119434
_d119434